Az utazásközvetítő kisvállalkozások bemutatása a Brest Consulting Kft.-n és a Cívis Tours Idegenforgalmi Kft.-n keresztül

Bibliográfiai részletek
Szerző: Nagy Barbara
További közreműködők: Dr. Nagy Éva
Dokumentumtípus: Diplomadolgozat
Kulcsszavak:Utazásközvetítés
Utazásszervezés
Brest Consulting
Cívis Tours Idegenforgalmi Kft
Online Access:http://dolgozattar.uni-bge.hu/8563

MARC

LEADER 00000nta a2200000 i 4500
001 dolg8563
005 20170206133818.0
008 161209suuuu hu om 000 hun d
040 |a BGE Dolgozattár Repozitórium  |b hun 
041 |a hu 
100 1 |a Nagy Barbara 
245 1 3 |a Az utazásközvetítő kisvállalkozások bemutatása a Brest Consulting Kft.-n és a Cívis Tours Idegenforgalmi Kft.-n keresztül  |c Nagy Barbara  |h [elektronikus dokumentum] 
246 1 1 |a Az utazásközvetítő kisvállalkozások bemutatása a Brest Consulting Kft.-n és a Cívis Tours Idegenforgalmi Kft.-n keresztül 
695 |a Utazásközvetítés 
695 |a Utazásszervezés 
695 |a Brest Consulting 
695 |a Cívis Tours Idegenforgalmi Kft 
700 1 |a Dr. Nagy Éva  |e ths 
856 4 0 |u http://dolgozattar.uni-bge.hu/8563/1/Szakdolgozat-Nagy-Barbara.pdf  |z Dokumentum-elérés